#4 Fußball WM Teilnehmer ? - Statistiken

Allgemein
  • Dieses Quiz wurde 244 mal gespielt
  • Das Durchschnittsergebnis liegt bei 4 aus 6
Answers on the Grid
Answers color-coded by a green-red scale on the quiz's grid according to % correct below.
VR China
Panama
Portugal
Nordkorea
Ukraine
Ungarn
Uganda
Malta
Mali
Venezuela
Suriname
Belize
Namibia
Guatemala
Philippinen
 
Antwortstatistiken
Antwort % Korrekt
Portugal
91%
Ungarn
84%
Ukraine
77%
Nordkorea
71%
Panama
66%
VR China
60%
Keine übereinstimmenden Quizze gefunden
Verteilung der Resultate
Anzahl Personen mit jedem Resultat
Perzentil nach korrekt beantworteten Fragen
Ihre Resultats-Entwicklung
Sie haben dieses Quiz noch nicht gespielt